| 000 | 00402nam a22001697a 4500 | ||
|---|---|---|---|
| 003 | NUST - PNEC | ||
| 005 | 20170116181145.0 | ||
| 008 | 151008b xxu||||| |||| 00| 0 eng d | ||
| 020 | _a0861010914 | ||
| 040 | _cLIBRARY | ||
| 082 | _a636.1083 KID | ||
| 100 |
_914923 _aKidd, Jane |
||
| 245 |
_aHorse & pony care _cJane Kidd |
||
| 260 | _cc1981 | ||
| 650 |
_914924 _aHorsemanship |
||
| 942 |
_2ddc _cBK |
||
| 999 |
_c70659 _d70659 |
||